[Event "Niederoesterreich Landesliga 1112"]
[Site "Austria"]
[Date "2012.02.26"]
[Round "8"]
[White "Ehs, Dominik"]
[Black "Weiss, Mattheus"]
[Result "0-1"]
[WhiteElo "1917"]
[BlackElo "2002"]
[PlyCount "106"]
[EventDate "2011.09.18"]
[EventType "team-tourn"]
[EventRounds "11"]
[EventCountry "AUT"]
[SourceTitle "EXT 2022"]
[Source "ChessBase"]
[SourceDate "2021.10.06"]
[SourceVersion "1"]
[SourceVersionDate "2021.10.06"]
[SourceQuality "1"]

1. e4 c5 2. Nf3 d6 3. d4 cxd4 4. Nxd4 Nf6 5. Nc3 g6 6. Bc4 Bg7 7. f3 0-0 8. Be3 Nc6 9. Qd2 Nd7 10. Nxc6 bxc6 11. 0-0 Nb6 12. Be2 Be6 13. Bd4 Qc7 14. Bxg7 Kxg7 15. f4 f6 16. f5 Bf7 17. Rf3 Nc4 18. Bxc4 Bxc4 19. b3 Bf7 20. Rh3 g5 21. Ne2 a5 22. a4 Rfb8 23. Nd4 c5 24. Nb5 Qc6 25. Qe2 c4 26. Kh1 Qc5 27. Rd1 Rc8 28. Nd4 cxb3 29. cxb3 Rc7 30. Nb5 Qc2 31. Qg4 Rc5 32. Nd4 Qf2 33. Ne6+ Bxe6 34. fxe6 Rc2 35. Rg1 Qe2 36. Qf5 h6 37. Qd5 Rac8 38. Rd3 R8c5 39. Qb7 Rc7 40. Qd5 R2c5 41. Qd4 Qg4 42. Qe3 Qxe6 43. Rgd1 Rb7 44. Qf3 Rb4 45. Re3 g4 46. Qe2 Rxb3 47. Rxb3 Qxb3 48. Qxg4+ Rg5 49. Qf3 Qxa4 50. h4 Re5 51. Qg4+ Kh7 52. h5 Qxe4 53. Qh3 Qe2 0-1

[Event "AUT-chT2O 0304"]
[Site "Austria"]
[Date "2003.10.25"]
[Round "1.5"]
[White "Weiss, Mattheus"]
[Black "Froschauer, Hans"]
[Result "0-1"]
[WhiteElo "1960"]
[BlackElo "2120"]
[PlyCount "86"]
[EventDate "2003.10.25"]
[EventType "team-tourn"]
[EventRounds "11"]
[EventCountry "AUT"]
[SourceTitle "EXT 2005"]
[Source "ChessBase"]
[SourceDate "2004.11.15"]
[SourceVersion "1"]
[SourceVersionDate "2004.11.15"]
[SourceQuality "1"]
[WhiteTeam "Mauerbach"]
[BlackTeam "Pamhagen SV Raiba"]
[WhiteTeamCountry "AUT"]
[BlackTeamCountry "AUT"]

1. d4 Nf6 2. Nf3 d5 3. g3 g6 4. Bg2 Bg7 5. 0-0 0-0 6. c4 c6 7. Nbd2 a5 8. Re1 Bf5 9. Qb3 Ra7 10. cxd5 cxd5 11. Ne5 Nc6 12. Nxc6 bxc6 13. Qc3 Qb6 14. Nb3 Nd7 15. e4 dxe4 16. Bxe4 Bxe4 17. Rxe4 a4 18. Nc5 Nxc5 19. dxc5 Qd8 20. Qc2 a3 21. Qb3 Qd5 22. Re1 axb2 23. Bxb2 Bxb2 24. Qxb2 Qxc5 25. Rac1 Qd5 26. Qb6 Qxa2 27. Rxc6 Rd7 28. Rc7 Rxc7 29. Qxc7 e6 30. Rd1 h5 31. Rd7 Qb1+ 32. Kg2 Qe4+ 33. Kg1 h4 34. Rd1 h3 35. Kf1 Qg2+ 36. Ke2 Qe4+ 37. Kf1 e5 38. Qc3 Qg2+ 39. Ke2 Qe4+ 40. Kf1 Ra8 41. f3 Qf5 42. g4 Qf4 43. Rd2 e4 0-1